Historia cultural del Japón: una perspectiva
Guardat en:
| Autors principals: | , , , |
|---|---|
| Format: | Llibre |
| Idioma: | espanyol |
| Publicat: |
Tokio
Ministerio de Relaciones Exteriores de Japón
1996
|
| Edició: | 5a. ed |
| Matèries: | |
| Etiquetes: |
Afegir etiqueta
Sense etiquetes, Sigues el primer a etiquetar aquest registre!
|
MARC
| LEADER | 00000nam a2200000 a 4500 | ||
|---|---|---|---|
| 001 | UCH6876 | ||
| 003 | CL-VaPUC | ||
| 008 | 091109e19960000JA |||||||||||||||||spa|d | ||
| 082 | 0 | 4 | |a 952 |b TAZ |2 21 |
| 100 | 0 | |a Tazawa, Yutaka |e author |9 543443 | |
| 700 | 0 | |a Nagahata, Yasunori |e author |9 543444 | |
| 700 | 0 | |a Matsubara, Saburo |e author |9 543445 | |
| 700 | 0 | |a Okuda, Shunsuke |e author |9 543446 | |
| 245 | 1 | 0 | |a Historia cultural del Japón: una perspectiva |
| 250 | |a 5a. ed | ||
| 300 | |a 120 p | ||
| 942 | |c BK | ||
| 945 | |d 20091109 00:00:00 |a lazolas | ||
| 260 | |a Tokio |b Ministerio de Relaciones Exteriores de Japón |c 1996 | ||
| 650 | 0 | |a Cultura |9 269059 | |
| 650 | 7 | |a EDAD ARCAICA |2 CL-VaPUC |9 389630 | |
| 650 | 7 | |a GOBIERNO CENTRAL |2 CL-VaPUC |9 342234 | |
| 650 | 7 | |a CULTURA BUDISTA |2 CL-VaPUC |9 389631 | |
| 650 | 7 | |a CULTURA MEDIEVAL |2 CL-VaPUC |9 389632 | |
| 650 | 0 | |a Arte |9 265238 | |
| 650 | 7 | |a EDAD PREMODERNA |2 CL-VaPUC |9 389633 | |
| 650 | 7 | |a CUIDADANIA |2 CL-VaPUC |9 367764 | |
| 650 | 7 | |a SOCIEDAD FEUDAL |2 CL-VaPUC |9 389634 | |
| 650 | 7 | |a MODERNIZACION |2 CL-VaPUC |9 335311 | |
| 583 | |a last modification |c 20091109 00:00:00 |k Rodrigo Vera | ||
| 999 | |c 337683 |d 337681 | ||